| 000 | 00978nam a2200289 i 4500 | ||
|---|---|---|---|
| 001 | 67274 | ||
| 003 | ES-MaACL | ||
| 005 | 20250728062603.0 | ||
| 007 | t| | ||
| 008 | 040517s2003 sp ||||0| spa d | ||
| 020 | _a84-7476-349-5 | ||
| 040 |
_aM-BN _bspa _cM-BN |
||
| 080 | _a355.25(4)"19" | ||
| 080 | _a355.02(4)"19" | ||
| 100 | 1 |
_aAjangiz, Rafael. _919025 |
|
| 245 | 1 | 0 |
_aServicio militar obligatorio en el siglo XXI _b: cambio y conflicto / _cRafael Ajangiz. |
| 250 | _a1ª ed. | ||
| 260 |
_aMadrid : _bCentro de Investigaciones Sociológicas, _c2003. |
||
| 300 |
_aVII, 330 p. : _bgráf. ; _c21 cm. |
||
| 490 | 1 |
_aMonografías ; _v196 |
|
| 504 | _aBibliografía: p. [302]-327. Indice. | ||
| 650 | 1 | 4 |
_aServicio militar- _zEuropa- _yS.XX. _917063 |
| 651 | 4 |
_aEuropa- _xPolítica militar- _yS.XX. _98624 |
|
| 830 | 0 | 0 |
_aMonografías (Centro de Estudios Benaventanos "Ledo del Pozo") _v196 _9177262 |
| 852 |
_aES-MaACL _jL-27540 _bR.133202 |
||
| 999 |
_c67274 _d67274 |
||